UK Residential Market Survey (Record no. 121644)

MARC details
000 -LEADER
fixed length control field 01335nam a22001817a 4500
008 - FIXED-LENGTH DATA ELEMENTS--GENERAL INFORMATION
fixed length control field 230811e20230810xxk|||||o|||| 00| 0 eng d
041 ## - LANGUAGE CODE
Language code of text/sound track or separate title eng
110 ## - MAIN ENTRY--CORPORATE NAME
Corporate author Royal Institution of Chartered Surveyors
245 ## - TITLE STATEMENT
Title UK Residential Market Survey
Subtitle July 2023
Medium [Electronic resource]
260 ## - PUBLICATION INFORMATION
Place of publication London,
Publisher Royal Institution of Chartered Surveyors,
Date August 2023
300 ## - PHYSICAL DESCRIPTION
Physical description 18p
490 ## - SERIES TITLE
Series statement RICS UK Residential Market Survey
520 ## - ABSTRACT
Abstract The Royal Institution of Chartered Surveyors (RICS) UK Residential Survey for July 2023 paints the picture of a housing market continuing to lose ground to the effects of higher mortgage rates.<br/>At the national level, new buyer enquiries posted a figure of -45%, like last month’s figure of -46%. As a result, this metric continues to signal a sharp downturn in buyer demand following the latest escalation in mortgage interest rates. When viewed at the level of the English regions and the four nations, all parts of the UK display a firmly negative return for new buyer enquiries over the month.
651 ## - SUBJECT ADDED ENTRY--GEOGRAPHIC NAME
Geographic name United Kingdom
710 ## - ADDED CORPORATE NAME
Added corporate author Royal Institution of Chartered Surveyors
856 ## - ONLINE RESOURCE
Uniform Resource Identifier <a href="https://www.rics.org/content/dam/ricsglobal/documents/market-surveys/uk-residential-market-survey/RICS%20Residential%20Market%20Survey%20July%202023.pdf">https://www.rics.org/content/dam/ricsglobal/documents/market-surveys/uk-residential-market-survey/RICS%20Residential%20Market%20Survey%20July%202023.pdf</a>
Public note Available free on RICS.org
942 ## - ADDED ENTRY ELEMENTS (KOHA)
Suppress in OPAC Do not suppress in OPAC
Holdings
Lost status Source of classification or shelving scheme Damaged status Not for loan Current library Shelving location Date acquired Total Checkouts Full call number Date last seen Price effective from Koha item type
  Dewey Decimal Classification     Virtual Online 11/08/2023   MARKET DATA 11/08/2023 11/08/2023 Online material